[Event "Olympiad Women-45"]
[Site "Budapest"]
[Date "2024.09.21"]
[Round "10.3"]
[White "Koh, Wei Le Gladys"]
[Black "Silva Rosas, Natalia"]
[Result "1-0"]
[WhiteElo "1788"]
[BlackElo "1868"]
[PlyCount "155"]
[EventDate "2024.09.11"]
[EventType "team-swiss"]
[EventRounds "11"]
[EventCountry "HUN"]
[SourceTitle "EXT 2025"]
[Source "ChessBase"]
[SourceDate "2024.10.14"]
[SourceVersion "1"]
[SourceVersionDate "2024.10.14"]
[SourceQuality "1"]
[WhiteTeam "Singapore (W)"]
[BlackTeam "Uruguay (W)"]
[WhiteTeamCountry "SIN"]
[BlackTeamCountry "URU"]

1. e4 d5 2. exd5 Qxd5 3. Nc3 Qd6 4. d4 c6 5. Nf3 Bf5 6. Be3 e6 7. Bc4 Nf6 8. h3 h5 9. Qe2 Nbd7 10. 0-0-0 Nb6 11. Bb3 Nfd5 12. Nxd5 Nxd5 13. Bg5 Qc7 14. g3 Be7 15. Bxe7 Nxe7 16. Ne5 Bg6 17. d5 exd5 18. Nxg6 fxg6 19. Rhe1 Rd8 20. c4 Rd7 21. cxd5 cxd5+ 22. Kb1 0-0 23. Ba4 Nc6 24. g4 Re7 25. Qd3 Qa5 26. Rxe7 Nxe7 27. Bb3 h4 28. Qe2 Qc5 29. Qe6+ Kh7 30. Rc1 Qb4 31. Re1 Nc6 32. Bxd5 Nd4 33. Qe7 Qxe7 34. Rxe7 Rxf2 35. a4 b6 36. Re4 Nf3 37. Ka2 Ng5 38. Re5 Kh6 39. Re7 a5 40. Rb7 Rd2 41. Bh1 Nxh3 42. Rxb6 Nf2 43. Bf3 Rd4 44. b3 Nxg4 45. Rb5 Rf4 46. Bc6 Ne3 47. Rxa5 Rf2+ 48. Kb1 h3 49. Rc5 Nf1 50. Rc1 h2 51. Rc2 Nd2+ 52. Kb2 Kg5 53. a5 Kf4 54. Bh1 Ke3 55. b4 Rf1 56. Rc1 Rf4 57. Ka3 g5 58. a6 Nc4+ 59. Ka4 Nb6+ 60. Kb5 Kd2 61. Ra1 Nc8 62. Kc5 Na7 63. Bd5 Rf5 64. Ra2+ Ke3 65. Rxh2 Rf6 66. b5 Nc8 67. Bb7 Nb6 68. Bc6 Na4+ 69. Kb4 Nb6 70. Ra2 Rf4+ 71. Kc5 Nc8 72. Bd7 Rf8 73. Bxc8 Rxc8+ 74. Kd6 g4 75. b6 g3 76. b7 Rf8 77. a7 Rf6+ 78. Ke5 1-0

[Event "Olympiad Women-45"]
[Site "Budapest"]
[Date "2024.09.19"]
[Round "8.3"]
[White "Mbatha, Constance Chileshe"]
[Black "Koh, Wei Le Gladys"]
[Result "0-1"]
[WhiteElo "1799"]
[BlackElo "1788"]
[PlyCount "126"]
[EventDate "2024.09.11"]
[EventType "team-swiss"]
[EventRounds "11"]
[EventCountry "HUN"]
[SourceTitle "EXT 2025"]
[Source "ChessBase"]
[SourceDate "2024.10.14"]
[SourceVersion "1"]
[SourceVersionDate "2024.10.14"]
[SourceQuality "1"]
[WhiteTeam "Zambia (W)"]
[BlackTeam "Singapore (W)"]
[WhiteTeamCountry "ZAM"]
[BlackTeamCountry "SIN"]

1. d4 d5 2. Nf3 Nf6 3. e3 c6 4. c4 e6 5. c5 b6 6. b4 a5 7. Bd2 axb4 8. Bxb4 bxc5 9. dxc5 Bxc5 10. Bc3 0-0 11. Nbd2 Nbd7 12. Bd3 Ba6 13. Bxa6 Rxa6 14. 0-0 Qe7 15. Nb3 Bd6 16. Qc2 Ne4 17. Bb2 c5 18. Ne1 Rfa8 19. Nc1 c4 20. f3 Nec5 21. Rb1 Qg5 22. Bd4 e5 23. f4 Qe7 24. fxe5 Bxe5 25. Nf3 Bxd4 26. exd4 Ne4 27. Rb7 Rb6 28. Rxb6 Nxb6 29. Qb2 Na4 30. Qb5 Nac3 31. Qc6 Rd8 32. Qb6 Qd6 33. Qa5 Rb8 34. Qa7 Nb5 35. Qa4 Qb6 36. Ne2 Qa7 37. Qc2 Na3 38. Qc1 Rb1 39. Qf4 Rxf1+ 40. Kxf1 Qb7 41. Qe5 h6 42. g3 Qb1+ 43. Kg2 Qxa2 44. Nfg1 Nf6 45. Qf5 Qb1 46. Qc8+ Kh7 47. h3 Qe4+ 48. Kf2 Nc2 49. Kf1 Nxd4 50. Nxd4 Qxd4 51. Qf5+ g6 52. Qc2 Ne4 53. g4 Nd2+ 54. Kg2 Qf4 55. Qd1 c3 56. h4 d4 57. h5 d3 58. hxg6+ Kxg6 59. Nh3 Qe4+ 60. Kg3 Qe3+ 61. Kh4 Nf3+ 62. Qxf3 Qxf3 63. Nf4+ Qxf4 0-1

[Event "Olympiad Women-45"]
[Site "Budapest"]
[Date "2024.09.16"]
[Round "6.45"]
[White "Koh, Wei Le Gladys"]
[Black "Stagno, Milena"]
[Result "1-0"]
[WhiteElo "1788"]
[BlackElo "1664"]
[PlyCount "137"]
[EventDate "2024.09.11"]
[EventType "team-swiss"]
[EventRounds "11"]
[EventCountry "HUN"]
[SourceTitle "EXT 2025"]
[Source "ChessBase"]
[SourceDate "2024.10.14"]
[SourceVersion "1"]
[SourceVersionDate "2024.10.14"]
[SourceQuality "1"]
[WhiteTeam "Singapore (W)"]
[BlackTeam "Malta (W)"]
[WhiteTeamCountry "SIN"]
[BlackTeamCountry "MLT"]

1. e4 c5 2. Nf3 Nc6 3. Bb5 g6 4. 0-0 Bg7 5. c3 Nf6 6. Re1 0-0 7. d4 cxd4 8. cxd4 a6 9. Bf1 d6 10. h3 b5 11. a3 Bb7 12. Nc3 Rc8 13. Bg5 Re8 14. Qd3 Na5 15. Rad1 Nc4 16. Bc1 Qc7 17. a4 b4 18. Nb1 a5 19. b3 Nb6 20. Bf4 Qc2 21. Qb5 Qc6 22. d5 Qxb5 23. Bxb5 Red8 24. Nbd2 Nfd7 25. Be3 Nc5 26. Nd4 Nbd7 27. f3 Ne5 28. Nc4 Nxc4 29. Bxc4 Nxa4 30. Ra1 Nc3 31. Rxa5 Ra8 32. Rxa8 Rxa8 33. Nc2 Ba6 34. Nxb4 Bxc4 35. bxc4 Ra4 36. Nc6 Kf8 37. c5 Nb5 38. Rb1 Ra1 39. Rxa1 Bxa1 40. cxd6 Nxd6 41. Bd4 Bxd4+ 42. Nxd4 Kg7 43. Kf2 Kf6 44. g3 e6 45. dxe6 fxe6 46. Nc6 e5 47. Ke3 g5 48. g4 Nc4+ 49. Kf2 h6 50. Nb4 Ke6 51. Nd5 Nd2 52. Ke2 Nb3 53. Kf2 Nd4 54. Ne3 Kf6 55. Nf5 Ne6 56. Nxh6 Nf4 57. Kg3 Ne2+ 58. Kg2 Nf4+ 59. Kh2 Ne2 60. Nf5 Nd4 61. Nxd4 exd4 62. Kg2 Ke5 63. Kf2 Kf4 64. Ke2 d3+ 65. Kxd3 Kxf3 66. e5 Kg3 67. Ke4 Kxh3 68. Kf5 Kh4 69. e6 1-0

[Event "Asia-ch U16 Girls"]
[Site "Almaty"]
[Date "2024.06.15"]
[Round "5"]
[White "Nguyen, Ngoc Hien1"]
[Black "Koh, Wei Le Gladys"]
[Result "1-0"]
[WhiteElo "1976"]
[BlackElo "1761"]
[PlyCount "51"]
[EventDate "2024.06.12"]
[EventType "swiss"]
[EventRounds "9"]
[EventCountry "KAZ"]
[SourceTitle "EXT 2025"]
[Source "ChessBase"]
[SourceDate "2024.10.14"]
[SourceVersion "1"]
[SourceVersionDate "2024.10.14"]
[SourceQuality "1"]
[WhiteTeam "VIE"]
[BlackTeam "SGP"]

1. d4 d5 2. Nf3 Nf6 3. e3 c6 4. c4 e6 5. Nc3 Nbd7 6. Bd3 dxc4 7. Bxc4 b5 8. Bd3 Bd6 9. 0-0 0-0 10. e4 e5 11. Bg5 Bb7 12. Ne2 Re8 13. Ng3 exd4 14. Nf5 Bc5 15. Rc1 Qb6 16. e5 Ng4 17. Bb1 g6 18. Nd6 d3 19. Ne4 Bf8 20. Qxd3 Nc5 21. Qc2 Nxe4 22. Qxe4 Nh6 23. Qh4 Nf5 24. Bxf5 gxf5 25. Bf6 h6 26. Nd4 1-0